000 00379nam a2200145Ia 4500
008 231129s2011||||xx |||||||||||||| ||spa||
020 _a978-958-30-3543-2
040 _bspa
082 _aR 611 G947m
100 _aGuidi Vincenzo
245 0 _aLas maravillas del cuerpo humano
260 _c2011
264 _aPanamericana
942 _2ddc
_cBKS
999 _c18819
_d18819